Le sens symbolique de la divine comédie (رقم التسجيلة. 128934)

تفاصيل مارك
000 -LEADER
fixed length control field 00896cam a2200277 a 4500
008 - FIXED-LENGTH DATA ELEMENTS--GENERAL INFORMATION
fixed length control field 130328s1984 fr 001 0 fre
020 ## - INTERNATIONAL STANDARD BOOK NUMBER
International Standard Book Number 2857071256
020 ## - INTERNATIONAL STANDARD BOOK NUMBER
International Standard Book Number 978-2857071259
040 ## - CATALOGING SOURCE
Original cataloging agency EG-GiCUC
Language of cataloging fre
Transcribing agency EG-GiCUC
082 00 - DEWEY DECIMAL CLASSIFICATION NUMBER
Classification number 851.1
Edition number 19
092 04 - LOCALLY ASSIGNED DEWEY CALL NUMBER (OCLC)
Classification number 851.1
Item number D192s
Edition number 21
099 ## - LOCAL FREE-TEXT CALL NUMBER (OCLC)
Classification number 04
-- 851.1 D192s
100 1# - MAIN ENTRY--PERSONAL NAME
Personal name Lallement, Louis,
Dates associated with a name 1907-
245 13 - TITLE STATEMENT
Title Le sens symbolique de la divine comédie
Remainder of title I. Enfer /
Statement of responsibility, etc. Louis Lallement.
260 ## - PUBLICATION, DISTRIBUTION, ETC.
Place of publication, distribution, etc. Paris :
Name of publisher, distributor, etc. Guy Tredaniel, Editions de la Maisnie,
Date of publication, distribution, etc. c1984.
300 ## - PHYSICAL DESCRIPTION
Extent 189 p. ;
Dimensions 20 cm.
500 ## - GENERAL NOTE
General note Includes index.
600 00 - SUBJECT ADDED ENTRY--PERSONAL NAME
Personal name Dante Alighieri,
Dates associated with a name 1265-1321.
Title of a work Divina commedia.
600 00 - SUBJECT ADDED ENTRY--PERSONAL NAME
Personal name Dante Alighieri,
Dates associated with a name 1265-1321.
Title of a work Paradiso.
600 00 - SUBJECT ADDED ENTRY--PERSONAL NAME
Personal name Dante Alighieri,
Dates associated with a name 1265-1321.
Title of a work Symbolism.
902 ## - LOCAL DATA ELEMENT B, LDB (RLIN)
No. of Items 1
905 ## - LOCAL DATA ELEMENT E, LDE (RLIN)
Cataloger Eman
Reviser Rev.
905 ## - LOCAL DATA ELEMENT E, LDE (RLIN)
Cataloger Jamal
Reviser Cat.
942 ## - ADDED ENTRY ELEMENTS (KOHA)
Source of classification or shelving scheme Dewey Decimal Classification
Koha item type Books
المقتنيات
Source of classification or shelving scheme Not for loan Home library Current library Date acquired Full call number Barcode Date last seen Copy number Koha item type
Dewey Decimal Classification   المكتبة المركزبة الجديدة - جامعة القاهرة قاعة المكتبات المهداة - الدور الرابع 11.02.2024 851.1 D192s B.D. 01000110196161000 23.06.2024 C.1 Books
Cairo University Libraries Portal Implemented & Customized by: Eng. M. Mohamady Contacts: new-lib@cl.cu.edu.eg | cnul@cl.cu.edu.eg
CUCL logo CNUL logo
© All rights reserved — Cairo University Libraries
CUCL logo
Implemented & Customized by: Eng. M. Mohamady Contact: new-lib@cl.cu.edu.eg © All rights reserved — New Central Library
CNUL logo
Implemented & Customized by: Eng. M. Mohamady Contact: cnul@cl.cu.edu.eg © All rights reserved — Cairo National University Library